00697nam a2200181 u 450000100100000000500170001000800410002702000150006804000250008308200230010810000260013124500690015726000370022630000280026350000210029195201860031299900170049800002029020200929170341.0100813s1984 xxua 001 0 eng d a0070158606 aDO-SdBNPbspacBNPHU axxxxxxxxbxxxxxxxx1 aDavis, John H.94292710aThe Kennedys :bdynasty and disaster 1848-1983 /cJohn H. Davis. aNew York, :bMcGraw-Hill,c1984. a722 p. :bil. ;c24 cm. aIncluye índice 001050718MOaGRbGRcHDd2017-05-08iLF1l0oxxxxxxxx xxxxxxxxp20290-10r2020-06-25w2020-06-25y1zPerteneció a la biblioteca personal de Germán Emilio Ornes.ZNo se presta c19794d19794